000 00301nam a22001337a 4500
008 170216b xxu||||| |||| 00| 0 eng d
020 _a9780721698434
041 _aeng
080 _25TH
_a615
100 _a5
101 _aSHF
245 _aPHARMACOLOGY FOR NURSING CARE
_cLEHNE, R.A
942 _2udc
_cBK
999 _c5691
_d5691